|
|
|
|
| LEADER |
00000ny a22000003n 4500 |
| 005 |
20110617122849.0 |
| 008 |
031107s2007 ck 000 0 spa d |
| 035 |
|
|
|a 4591
|
| 040 |
|
|
|a BUS
|d vLex
|
| 090 |
|
|
|c 814
|d 814
|
| 100 |
1 |
|
|a Zuluaga Giraldo, Ramiro Antonio
|
| 245 |
1 |
0 |
|a Creacin̤ y consolidacin̤ de empresas
|h [Recurso electrn̤ico]
|c Ramiro Antonio Zuluaga Giraldo
|
| 256 |
|
|
|a Servicio en ln̕ea
|
| 260 |
|
|
|a Bogot ̀:
|b Ecoe,
|c 2007
|
| 300 |
|
|
|a p. ;
|c cm
|
| 506 |
1 |
|
|a Contenido solo disponible en los productos indicados
|d vLex Global
|d vLex Global (Academic Edition, excluding Law Schools)
|d vLex Global (U.S. Academic Edition, Law Schools)
|d vLex Global (U.S. Academic Edition, excluding Law Schools)
|d vLex Global (Academic Edition, Law Schools)
|
| 650 |
0 |
4 |
|a Empresas nuevas
|
| 740 |
0 |
|
|a vLex Libros (Servicios en ln̕ea)
|
| 856 |
4 |
0 |
|u http://vlex.com/source/4591
|z Acceso restringido
|
| 942 |
|
|
|c BOOK
|
| 999 |
0 |
|
|a Corporations
|b Colombia
|